01335nam a22002417a 450000500170000000800410001702000180005804000070007604100080008308200160009110000230010724500380013026000410016830000280020936501000023752006370033765000240097465000200099865000180101865000170103670000220105370000180107520260623113114.0260622b |||||||| |||| 00| 0 eng d a9789354248481 cAL aeng a005.1bGOOD aMichael T Goodrich aDesign and analysis of algorithms aNew DelhibWiley India Pvt Ltdc2025 axxi,602pbPBc26X20.5cm 2Electronics and Communication EngineeringaVBI-2645b₹741.75c₹d₹989.00e25%f20-02-2026 aDesign and analysis of algorithms offers an exhaustive coverage of the design and analysis of algorithms and data structures. Integrating application with theory, the book presents algorithmic topics in a context that is motivated from applications to uses in society, computer games, computing industry, Science, engineering, and the Internet. Beginning with the basic framework and tools needed to analyze algorithms, the book then presents fundamental data structures, such as stacks, queues, lists, and Advanced data structures such as trees, search trees, priority queues, heaps, hash tables, union-find structures, and graphs. aBinary Search Trees aPriority Queues aNumber Theory aNetwork Flow aTamassia, Roberto aVenkatesh K A